[Event "EU-chT (Men) 15th"]
[Site "Gothenburg"]
[Date "2005.07.30"]
[Round "1.1"]
[White "Sokolov, Ivan"]
[Black "Georgiev, Vladimir"]
[Result "1-0"]
[WhiteElo "2691"]
[BlackElo "2532"]
[Annotator "Lutz,C"]
[PlyCount "45"]
[EventDate "2005.07.30"]
[EventType "team-swiss"]
[EventRounds "9"]
[EventCountry "SWE"]
[SourceTitle "CBM 109"]
[Source "ChessBase"]
[SourceDate "2005.11.14"]
[SourceVersion "1"]
[SourceVersionDate "2005.11.14"]
[SourceQuality "1"]
[WhiteTeam "Netherlands"]
[BlackTeam "Macedonia"]
[WhiteTeamCountry "NED"]
[BlackTeamCountry "MKD"]

1. d4 d5 2. c4 c6 3. Nc3 Nf6 4. Nf3 a6 5. e3 e6 6. b3 Bb4 7. Bd2 O-O 8. Bd3
dxc4 $6 {This move looks dubious. In connection with the surrender of the
centre, the moves ...a7-a6 and ...Bb4 do not make a lot of sense. It is better
to transpose to normal positions with 8....Nbd7. Dieser Zug sieht zweifelhaft
aus. In Verbindung mit der Aufgabe des Zentrums machen die Züge ...a7-a6 und ..
.Bb4 nicht viel Sinn. Besser ist der Übergang zu den Normalstellungen mit 8...
Nbd7.} (8... Nbd7) 9. bxc4 c5 10. O-O Nc6 11. Ne4 cxd4 (11... Bxd2 12. Qxd2
cxd4 13. Nxf6+ $2 (13. exd4 $142 $40) 13... Qxf6 14. exd4 Rd8 15. Rfd1 g6 16.
Be4 Nxd4 17. Nxd4 e5 18. Qe3 $2 (18. Bd5 $11) 18... exd4 19. Qd3 Rb8 $17 {
0-1 Badr,A-Mohammad,H/Dubai 2004/CBM 101 ext (32)}) 12. exd4 Be7 13. Be3 b5 $2
{Black wishes to justify ...a7-a6, but the text move simply gives away a pawn.
Schwarz will ...a7-a6 Sinn geben, aber der Textzug stellt einfach einen Bauern
ein.} (13... Ng4 $5) (13... Nb4 14. Nxf6+ Bxf6 15. Bxh7+ Kxh7 16. Qb1+ Kg8 17.
Qxb4 $16) 14. cxb5 Nb4 (14... axb5 15. Qb1 $16) 15. Nxf6+ Bxf6 16. Be4 Nd5 17.
Qd3 $16 g6 18. a4 axb5 19. axb5 Bb7 20. Bh6 Re8 21. Rxa8 Qxa8 22. Ne5 Ne7 $2 (
22... Qa4 $16) (22... Bxe5 23. dxe5 Nf4 (23... Nb4 24. Qf3) 24. Bxb7 Nxd3 25.
Bxa8 Rxa8 26. b6 $18) 23. Qf3 $18 1-0

[Event "RUS-chT 12th"]
[Site "Sochi"]
[Date "2005.04.20"]
[Round "2"]
[White "Dreev, Alexey"]
[Black "Riazantsev, Alexander"]
[Result "1/2-1/2"]
[WhiteElo "2705"]
[BlackElo "2608"]
[Annotator "Lutz,C"]
[PlyCount "118"]
[EventDate "2005.04.19"]
[EventType "team-tourn"]
[EventRounds "11"]
[EventCountry "RUS"]
[SourceTitle "EXT 2020"]
[Source "ChessBase"]
[SourceDate "2019.10.17"]
[SourceVersion "1"]
[SourceVersionDate "2019.10.17"]
[SourceQuality "1"]
[WhiteTeam "Sverdlovsk Ural region"]
[BlackTeam "Nizhny Tagil Politekhnik"]
[WhiteTeamCountry "RUS"]
[BlackTeamCountry "RUS"]

1. d4 Nf6 2. c4 e6 3. Nf3 d5 4. Nc3 c6 5. e3 a6 6. b3 Bb4 7. Bd2 Nbd7 8. Bd3
O-O 9. O-O Qe7 10. Qc2 {Diese Stellung hatte Riazantsev beim Aeroflot-Open
zwei Mal auf dem Brett gehabt.} e5 (10... dxc4 11. bxc4 e5 12. Bf5 (12. Nh4 g6
13. f4 $2 Ng4 14. Nf3 Bxc3 15. Qxc3 e4 16. Bc2 exf3 17. gxf3 Ngf6 18. e4 Nh5
$17 {1/2-1/2 Ehlvest,J-Stripunsky,A/New York 2004/CBM 103 ext (44)}) (12. Ne4
Bxd2 13. Nfxd2 Nxe4 14. Nxe4 f5 15. Nd2 e4 16. Be2 c5 17. d5 Ne5 18. Rab1 Rf6
19. Qc3 b6 20. h3 Bd7 $132 {1-0 Mohr,S-Clara,H/Germany 1990/GER-chT (69)})
12... Re8 13. Rab1 a5 14. Ne2 exd4 15. Nexd4 g6 16. Bh3 Ne4 17. Bc1 Ndf6 {
1/2-1/2 Korotylev,A-Georgiev,V/Wijk aan Zee 2005/CBM 105 (17)}) (10... h6 $5
11. h3 Re8 12. Rad1 e5 13. dxe5 dxc4 14. bxc4 Nxe5 15. Nxe5 Qxe5 16. Na4 Bxd2
17. Rxd2 b5 $1 18. Nb6 Rb8 19. Nxc8 Rbxc8 20. Rc1 Ne4 $11 {1/2-1/2 Akopian,
V-Riazantsev,A/Moscow 2005/CBM 106/[Lutz] (40)}) 11. dxe5 (11. cxd5 $6 Bxc3 12.
Qxc3 e4 13. dxc6 Nd5 $15) (11. Nxd5 $6 cxd5 12. Bxb4 Qxb4 13. dxe5 Ng4 14. cxd5
Ndxe5 15. Nxe5 Nxe5 16. Bxh7+ Kh8 $15) 11... Nxe5 (11... dxc4 $2 12. exf6 cxd3
13. fxe7 dxc2 14. exf8=Q+) 12. Nxe5 Qxe5 13. cxd5 (13. Nxd5 $5 Nxd5 14. cxd5
Bxd2 15. Qxd2 Qxd5 16. Rad1 Bg4 17. f3 Be6 18. Qb4 $14) 13... cxd5 14. Ne2 Bd6
(14... Bxd2 15. Qxd2 Bd7 16. Qb4 $14) 15. Ng3 Qg5 (15... Qe7 16. Bc3 h6 17. Qb2
Re8 18. Bxf6 Qxf6 19. Qxf6 gxf6 20. Rac1 Kf8 21. Rfd1 Bg4 22. Be2 $16 {1-0
Ivanchuk,V-Riazantsev,A/Moscow 2005/CBM 106/[Lutz] (40)}) 16. Bc3 $146 {
Dieser Zug ist neu, erscheint mir aber weniger kräftig als 16.f4.} (16. f4 $1
Qh4 17. Rf3 {/\18.Nf5,18.Be1<=> >> (Gurevich,M)} g6 18. Be1 $1 Qh6 19. Bc3 $16
{0-1 Pinter,J-Gurevich,M/France 2004/CBM 100/[Gurevich,M] (65)}) 16... Ng4 17.
Be2 Bxg3 18. hxg3 Qh5 19. Bxg4 Bxg4 20. f3 Be6 21. g4 Qg6 22. Qxg6 hxg6 23. g5
$14 {Weiss hat auch hier einen kleinen Vorteil (Isolani d5, besserer Läufer),
aber die Anwesenheit von ungleichen Läufern macht das Gewinnen schwer.} Rac8
24. Bd4 f6 25. gxf6 gxf6 26. Kf2 Kg7 27. g4 Rh8 28. Kg3 (28. g5 Rc2+ 29. Kg3 (
29. Kg1 $2 Rhh2) (29. Ke1 Rhh2 $40) 29... Rh3+ 30. Kf4 Rh4+ $11) 28... g5 29.
Rh1 Rxh1 30. Rxh1 Kg6 31. f4 f5 32. Rh5 gxf4+ 33. exf4 fxg4 34. Rg5+ Kh6 35.
Re5 Re8 36. Kh4 Bf7 37. Rf5 Bg6 38. Rxd5 Be4 39. Rh5+ Kg6 40. f5+ Kf7 41. Kxg4
$16 Bb1 42. Kg5 Rd8 43. Rh7+ Ke8 44. Rh8+ Kd7 45. Rh2 Ke8 46. Be5 Rd1 47. Rh8+
Kd7 48. Rh7+ Ke8 49. Rxb7 Rg1+ 50. Kf6 Rf1 51. Bc3 Rxf5+ 52. Ke6 Rb5 53. Re7+
Kd8 54. Rd7+ Kc8 55. Rd2 Rc5 56. Be5 Rc6+ 57. Ke7 Bf5 58. Rd8+ Kb7 59. Bd6 Rc8
1/2-1/2

[Event "EU-Cup 21st"]
[Site "Saint Vincent"]
[Date "2005.09.24"]
[Round "7.1"]
[White "Dreev, Alexey"]
[Black "Khenkin, Igor"]
[Result "1-0"]
[WhiteElo "2698"]
[BlackElo "2610"]
[Annotator "Lutz,C"]
[PlyCount "81"]
[EventDate "2005.09.18"]
[EventType "team-swiss"]
[EventRounds "7"]
[EventCountry "ITA"]
[SourceTitle "CBM 110"]
[Source "ChessBase"]
[SourceDate "2006.01.31"]
[SourceVersion "1"]
[SourceVersionDate "2006.01.31"]
[SourceQuality "1"]
[WhiteTeam "Cheliabinsk"]
[BlackTeam "Tegernsee"]
[WhiteTeamCountry "RUS"]
[BlackTeamCountry "GER"]

1. d4 d5 2. c4 e6 3. Nf3 Nf6 4. Nc3 c6 5. e3 a6 6. b3 Bb4 7. Bd2 Nbd7 8. Bd3
Qe7 9. O-O O-O 10. Qe1 $5 {Eine interessante Idee, die bei der
Europameisterschaft in Warschau zweimal gespielt wurde.} dxc4 (10... a5 $5 11.
Bc2 dxc4 12. bxc4 e5 13. a3 Bd6 14. Nh4 $5 $13 {1-0 Aronian,L-Kornev,A/Warsaw
2005/CBM 108/[Lutz] (38)}) 11. bxc4 e5 12. Bc2 Re8 13. Qb1 $146 (13. c5 exd4 (
13... e4 $2 14. Nxe4) 14. exd4 b6 15. Qxe7 Rxe7 16. cxb6 Nxb6 $11 {1/2-1/2
Sargissian,G-Gagunashvili,M/Warsaw 2005/CBM 108/[Lutz] (28)}) 13... Bd6 14. Ng5
(14. c5 Bc7 {und Schwarz steht bereit zu ...e5-e4.}) 14... h6 15. Nge4 b5 {
Schwarz vermeidet, dass der Pb7 nach c4-c5 rückständig wird, aber nun kann
Weiß auf den weißen Feldern aktiv werden.} (15... Nxe4 16. Nxe4 exd4 (16... Bc7
17. d5) 17. exd4 Nf6 18. Re1 Be6 (18... Nxe4 19. Rxe4 Qf8 20. Rxe8 Qxe8 21. Qb6
$36)) 16. d5 $1 Bb7 $6 {Schwarz versucht, das Stellungsproblem dynamisch zu
lösen. Dies führt zum Verlust eines Bauern, für den Schwarz nicht genügend
Kompensation erhält.} (16... cxd5 17. Nxd5 Nxd5 18. Nxd6 Qxd6 19. cxd5 $36 {
nebst e3-e4, und das Fehlen des schwarzfeldrigen Läufers wird sich negativ für
Schwarz bemerkbar machen.}) (16... bxc4 $5 17. dxc6 Nc5) 17. dxc6 Bxc6 18. cxb5
axb5 19. Nxb5 $16 Bxe4 20. Bxe4 Ra4 21. Bc2 Rh4 {Durch den Turmschwenk sucht
Schwarz Gegenspiel am Königsflügel, verliert aber weiteres Material.} 22. g3
Rh5 23. Bd1 Rg5 24. h4 Rg6 25. h5 Rg5 26. e4 Rxh5 27. Bxh5 Nxh5 28. Qd3 $18 Bc5
29. Rac1 Ra8 30. Rc2 Ndf6 31. Rfc1 Rd8 32. Qf3 Nxg3 33. Rxc5 Ngxe4 34. Ba5 Ng5
35. Qf5 Re8 36. Rc8 g6 37. Rxe8+ Nxe8 38. Qc8 Kh7 39. Bd8 Nf3+ 40. Kg2 Qb4 41.
Qc4 1-0

[Event "SWE-ch"]
[Site "Skara"]
[Date "2002.07.13"]
[Round "12"]
[White "Akesson, Ralf"]
[Black "Hector, Jonny"]
[Result "0-1"]
[WhiteElo "2451"]
[BlackElo "2513"]
[Annotator "Lutz,C"]
[PlyCount "68"]
[EventDate "2002.06.30"]
[EventType "tourn"]
[EventRounds "13"]
[EventCountry "SWE"]
[EventCategory "9"]
[SourceTitle "CBM 091"]
[Source "ChessBase"]
[SourceDate "2002.11.12"]
[SourceVersion "1"]
[SourceVersionDate "2002.11.12"]
[SourceQuality "1"]

1. d4 d5 2. c4 c6 3. Nc3 Nf6 4. e3 e6 5. Nf3 Nbd7 6. Qc2 Bd6 7. g4 h6 8. Bd2
Qe7 9. Rg1 e5 10. cxd5 Nxd5 11. Ne4 Bb4 $5 {Dieer Zug ist aus der Partie
Kasimdzhanov-Bareev (Wijk aan Zee 2002) bekannt.} 12. O-O-O exd4 13. Nxd4 Bxd2+
14. Rxd2 Nb4 $146 {Mit dieser Neuerung forciert Schwarz den Übergang in ein
Endspiel, wo er kaum schlechter steht.} (14... g6 15. Bc4 Nb4 16. Qc3 (16. Qb3
$6 O-O 17. Nf5 $6 gxf5 18. gxf5+ Kh7 $17 {0-1 Kasimdzhanov,R-Bareev,E/Wijk aan
Zee 2002/CBM 87/[Ftacnik])}) 16... Qxe4 17. Qxb4 c5 18. Nb5 $1 cxb4 (18... O-O
$2 19. Bxf7+) 19. Nd6+ Ke7 20. Nxe4 Ne5 21. Be2 Be6 $13) 15. Nf5 (15. Qb3 $2
Qxe4 16. Qxb4 c5) 15... Nxc2 16. Ned6+ (16. Nxe7 Kxe7 17. Kxc2 Ne5 18. Be2 f5
19. Nd6 fxg4 20. Nxc8+ Raxc8 21. Bxg4 Rcd8 $11) 16... Kf8 17. Nxe7 Kxe7 18.
Nf5+ Kf8 19. Kxc2 g6 20. Nd6 Ke7 21. f4 Nf6 22. e4 {Auf den ersten Blick sieht
die weiße Bauernfront beeindruckend aus, bei genauerem Hinsehen fallen jedoch
auch die weißen Schwächen auf, insbesondere der Pf4.} Rd8 23. e5 Nd5 24. Rd4 f6
25. Bd3 g5 26. Bf5 $6 {Weiß überzieht seine Stellung und übersieht den
schwarzen Konter} (26. Nxc8+ Raxc8 27. exf6+ Kxf6 28. fxg5+ hxg5 $11) 26...
Bxf5+ 27. gxf5 $2 (27. Nxf5+ Ke6 28. fxg5 {war immer noch vorzuziehen.}) 27...
Nxf4 28. Rxf4 {Darauf hat Weiß gebaut, aber ...} fxe5 $1 $19 {Ein böses
Erwachen für Weiß, der sich nun in einem verlorenem Turmendspiel wiederfindet.}
(28... gxf4 29. Rg7+ Kf8 30. Rf7+ Kg8 31. Rxf6 $36 {war wohl der weiße
Wunschtraum.}) 29. Re4 Rxd6 30. Rxe5+ Kf6 31. Rge1 Rad8 32. R1e2 Rd2+ 33. Kc3
Rxe2 34. Rxe2 h5 0-1

[Event "Montreal-A 5th"]
[Site "Montreal"]
[Date "2004.08.14"]
[Round "10"]
[White "Bluvshtein, Mark"]
[Black "Novikov, Igor A"]
[Result "1-0"]
[WhiteElo "2462"]
[BlackElo "2610"]
[Annotator "Lutz,C"]
[PlyCount "55"]
[EventDate "2004.08.04"]
[EventType "tourn"]
[EventRounds "11"]
[EventCountry "CAN"]
[EventCategory "12"]
[SourceTitle "CBM 103"]
[Source "ChessBase"]
[SourceDate "2004.11.11"]
[SourceVersion "1"]
[SourceVersionDate "2004.11.11"]
[SourceQuality "1"]

1. d4 d5 2. c4 e6 3. Nf3 Nf6 4. Nc3 c6 5. e3 Nbd7 6. Qc2 Bd6 7. g4 dxc4 8. Bxc4
e5 {Diese Fortsetzung ist derzeit in Mode und wurde in CBM 102 ausführlich
besprochen.} 9. g5 Nd5 10. Ne4 Bb4+ 11. Bd2 Bxd2+ 12. Qxd2 Qe7 13. O-O-O (13.
Rg1 $5 N7b6 14. Bb3 exd4 15. Qxd4 Bf5 16. Ng3 Bg6 17. h4 $14 {1-0 Hellsten,
J-Filippov,V/Gistrup 1996/CBM 55/[Lutz] (45)}) (13. a3 N7b6 14. Ba2 Bh3 15. Rg1
exd4 16. Qxd4 O-O-O $36 {1/2-1/2 Aleksandrov,A-Nakamura,H/Tripoli 2004/CBM 102/
[Lutz] (29)}) (13. Bxd5 $6 cxd5 14. Nc3 (14. Ng3 e4 15. Nf5 Qf8 16. N3h4 g6)
14... e4 15. Ne5 (15. Nxd5 $2 Qd6 16. Qa5 b6 $19) 15... Nb6) 13... N7b6 14. Bb3
Bg4 15. Qe2 (15. Nxe5 $6 Bxd1 16. Qxd1 O-O-O 17. Qg4+ Kb8 18. h4 Ka8 19. Nc5 f6
20. Ned3 Rhe8 21. Rh3 Nd7 22. Rg3 Nxc5 23. Nxc5 g6 24. gxf6 Nxf6 25. Qg5 b6 26.
Ne6 Rd6 27. Rf3 Ne4 28. Qxe7 Rxe7 29. Nf4 Rf6 30. Bc2 Kb7 31. Kd1 a5 32. Ke2
Nd6 33. Bd3 Nf5 34. Bxf5 Rxf5 35. Kd3 Ref7 36. b3 c5 37. dxc5 Rxc5 38. e4 h6 {
0-1 Marin,M-Stripunsky,A/Bucharest 1994/CBM 40 (38)}) 15... exd4 16. Rxd4 Be6
$2 {Warum dieser freiwillige Rückzug?} (16... O-O-O {hält problemlos das
Gleichgewicht, da Weiß noch Zeit für die Beseitigung der Fesselung des Nf3
aufwenden muss.} 17. Nd6+ (17. Rhd1 Kb8 18. Ng3 Be6) (17. Ng3 Be6) 17... Rxd6
18. Rxg4 Rhd8 {führt zu einer Stellung ähnlich der Partie, aber mit zwei
Mehrtempi für Schwarz.}) 17. Rhd1 O-O-O 18. Qc2 Bg4 $6 {Das scheint jetzt
falsch zu sein, da Schwarz wertvolle Zeit fehlt.} (18... Kb8 $5 {sieht zwar
besser für Weiß aus, sollte aber spielbar sein:} 19. Nc5 Bh3 $5 {/\} 20. e4 Bg4
) 19. Nd6+ Rxd6 20. Rxg4 g6 $2 (20... Kb8 $5) 21. Rgd4 {[%cal Rd1d8,Re3e4]
Jetzt hängt Schwarz in der d-Linie durch.} Rhd8 (21... Rdd8) 22. Qc5 $1 $18 {
Materialverlust ist nicht mehr zu vermeiden.} Nd7 (22... Kb8 23. e4) (22...
R6d7 23. Qxe7 Rxe7 (23... Nxe7 24. Bxf7) 24. e4) 23. Qxa7 Ne5 24. Qa8+ Kc7 25.
Qa5+ Kb8 26. Nxe5 Qxe5 27. e4 Qf4+ 28. Qd2 1-0

[Event "Poikovsky Karpov 05th"]
[Site "Poikovsky"]
[Date "2004.03.22"]
[Round "5"]
[White "Aleksandrov, Aleksej"]
[Black "Lautier, Joel"]
[Result "1/2-1/2"]
[WhiteElo "2679"]
[BlackElo "2676"]
[Annotator "Lutz,C"]
[PlyCount "67"]
[EventDate "2004.03.17"]
[EventType "tourn"]
[EventRounds "9"]
[EventCountry "RUS"]
[EventCategory "18"]
[SourceTitle "CBM 100"]
[Source "ChessBase"]
[SourceDate "2004.06.01"]
[SourceVersion "1"]
[SourceVersionDate "2004.06.01"]
[SourceQuality "1"]

1. d4 d5 2. c4 e6 3. Nc3 c6 4. e3 Nf6 5. Nf3 Nbd7 6. Qc2 Bd6 7. g4 Bb4 8. Bd2
Qe7 9. Rg1 Bxc3 10. Bxc3 Ne4 11. O-O-O Nxc3 12. Qxc3 dxc4 (12... O-O {1-0
Nielsen,P-Rogozenko,D/Germany 2004/CBM 100/[Lutz] (31)}) 13. Qxc4 {Durch das
Zurückschlagen mit der Dame ist ..b7-b5 erst einmal verhindert.} (13. Bxc4 b6
14. Bd3 Bb7 15. d5 cxd5 16. Qxg7 O-O-O 17. Kb1 Kb8 18. Ne5 Nxe5 19. Qxe5+ Qd6
20. Qxd6+ Rxd6 21. f4 $14 {1-0 Harikrishna,P-Sriram,J/Calicut 2003/CBM 97 ext 
(41)}) 13... O-O 14. g5 (14. Bd3 $5 {/\ Qc2}) 14... Rb8 15. Ne5 c5 16. f4 b5
17. Qc3 Nxe5 18. dxe5 {Gestützt auf die d-Line und das Feld d6 kann Weiß nun
eine Initative entwickeln.} Rb6 (18... c4 19. Rd6) 19. Rd6 Qc7 20. Be2 Bb7 (
20... Rxd6 21. exd6 Qxd6 22. Bxb5 Qb6 (22... Ba6 23. Rd1 Qb6 24. Ba4 $14) 23.
Bd3 Ba6 24. Bc2 $14) 21. Qa5 Bc6 22. Rgd1 g6 23. h4 Qb7 24. Rd8 Bd5 25. Rxf8+
Kxf8 26. h5 gxh5 27. f5 $6 (27. Qd2 {mit der Idee e3-e4 oder f4-f5 sieht
stärker aus, z.B.} Qc6 (27... Kg7 28. e4 Bxe4 29. Qd8 $18) 28. e4 Bxe4 29. Qd8+
Qe8 30. Qf6 Rb8 31. Bxh5 $40) 27... exf5 28. Qd2 Bxa2 29. Qd8+ Kg7 30. Rd6 Rxd6
31. exd6 Be6 32. Qf6+ Kg8 33. Qd8+ Kg7 34. Qf6+ 1/2-1/2

[Event "Alushta"]
[Site "Alushta"]
[Date "1999.03.05"]
[Round "3"]
[White "Nosenko, Alexander"]
[Black "Korotylev, Alexey"]
[Result "1/2-1/2"]
[WhiteElo "2433"]
[BlackElo "2440"]
[Annotator "Lutz,C"]
[PlyCount "131"]
[EventDate "1999.03.03"]
[EventType "tourn"]
[EventRounds "11"]
[EventCountry "UKR"]
[EventCategory "10"]
[SourceTitle "CBM 070"]
[Source "ChessBase"]
[SourceDate "1999.06.08"]
[SourceVersion "1"]
[SourceVersionDate "1999.06.08"]
[SourceQuality "1"]

1. d4 Nf6 2. Nf3 d5 3. c4 c6 4. Nc3 e6 5. e3 Nbd7 6. Qc2 b6 7. b3 (7. Bd3 Ba6
8. b3 Bb4 9. O-O Rc8 10. Bb2 O-O 11. Rfd1 c5 12. cxd5 Bxd3 13. Qxd3 Bxc3 14.
Bxc3 Nxd5 15. Bb2 Qe7 16. Rac1 Rfd8 17. h3 Nb4 18. Qb1 a5 19. a3 Nd5 20. Qd3
N5f6 21. Qb5 Ne4 {Vyzmanavin,A-Kramnik,V/London 1994/CBM 42 ext/1/2-1/2 (36)})
7... Bb7 8. Bb2 Be7 (8... Rc8 9. Bd3 Be7 10. O-O Qc7 11. Rac1 h6 12. Qe2 O-O
13. Ne5 Nxe5 14. dxe5 dxc4 15. bxc4 Qxe5 16. Nd5 Qd6 17. Nxf6+ Bxf6 18. Bxf6
gxf6 19. c5 Qe7 20. Qg4+ Kh8 21. Qh4 Kg7 22. Qg3+ Kh8 23. Qh4 Kg7 24. Qg4+ Kh8
25. Qh4 {1/2-1/2 Dao Thien Hai-Waitzkin,J/Budapest 1997/CBM 58 ext (25)}) 9.
Bd3 $146 (9. Be2 O-O 10. O-O Qc7 11. Rac1 Rac8 12. Rfd1 Rfd8 13. Bd3 h6 14. Qe2
Qb8 15. Ne5 dxc4 16. bxc4 c5 17. f4 Nf8 18. d5 Re8 19. e4 a6 20. Nxf7 Kxf7 21.
e5 Kg8 22. d6 Rcd8 23. exf6 Bxf6 {Herraiz,H-Kelly,B/Menorca 1996/Juniors/1/2-1/
2 (48)}) 9... Qc7 10. Rc1 Rd8 11. cxd5 $6 {Weiß sollte nicht so früh die
Spannung aufgeben.} (11. O-O Qb8 12. Rfd1 O-O (12... h6 13. Qe2 $5 O-O 14. Ne5
$13) 13. Ne5 Nxe5 14. dxe5 Ng4 15. Bxh7+ Kh8 16. Qe2 f5 17. h3 Kxh7 18. hxg4 f4
19. cxd5 exd5 20. Qd3+ Kg8 21. exf4 Rxf4 22. Ne2 Rxg4 23. Qf5 Rh4 24. Qe6+ Kf8
25. Qf5+ Kg8 26. Qe6+ Kf8 27. Rc3 Rh6 28. Rf3+ Ke8 29. Qf5 Bc8 30. Qf7+ Kd7 31.
e6+ Rxe6 32. Nf4 Re4 33. Nxd5 cxd5 34. Qxd5+ Qd6 35. Qf5+ Kc7 36. Rc1+ Kb8 37.
Qxe4 Bb7 38. Qf4 Qxf4 39. Rxf4 Bg5 40. Rcc4 Bxf4 41. Rxf4 g5 42. Rg4 Rd1+ 43.
Kh2 Rd2 44. Be5+ Kc8 45. Rxg5 Be4 46. Kg3 Rxa2 47. f3 Bc2 48. b4 Kd7 49. Bc3
Ra3 50. Bd2 Rd3 51. Bf4 Rb3 52. Rg7+ Ke6 53. Bd2 Rd3 54. Be1 Rd1 55. Bf2 a5 56.
Rb7 a4 57. Rxb6+ Kd5 58. Ra6 Kc4 59. Bc5 Rd2 60. Bf8 Rd8 61. Be7 Rd7 62. Bc5
Rd2 63. Ra5 Rd5 64. Be7 Rd7 65. Bc5 Rd5 66. Be7 Rd7 67. Rc5+ Kb3 68. Bf6 Bd3
69. b5 Kb4 70. Re5 a3 71. b6 a2 72. Re3 Bc4 73. Re8 Bd5 74. Re2 Rd6 75. Ba1
Rxb6 76. Kf4 Kc5 77. Rb2 Re6 78. Rc2+ Bc4 79. Rc1 Rb6 80. Ke3 Re6+ 81. Kf2 Re2+
82. Kg3 Kb4 83. Rd1 Kc5 84. Rd8 Re1 85. Bd4+ Kc6 86. Ra8 Kd5 87. Bh8 Re2 88.
Ra5+ Ke6 89. Kh3 Rf2 90. Bd4 Rd2 91. Bc3 Rc2 92. Bd4 {1/2-1/2 Gelfand,B-Dreev,
A/Groningen 1997/CBM 63/[Hecht] (92)}) 11... exd5 12. O-O O-O 13. Ne2 Bd6 14.
Ng3 g6 15. e4 $6 {Weiß ist schlecht gerüstet für diesen Vorstoß.} (15. Qe2 $5 {
nebst Rc2, Rfc1 und a3, b4}) 15... dxe4 16. Nxe4 Nxe4 17. Bxe4 Bf4 18. Rcd1 Nf6
19. Bd3 c5 20. dxc5 Bxf3 21. gxf3 Bxh2+ 22. Kg2 Be5 $17 23. Ba3 Nd5 24. cxb6
Nf4+ 25. Kg1 Qxb6 26. Bxf8 {[%tqu "En","","","","d8f8","",0,"b6e6","",10]} Rxf8
$2 (26... Qe6 {gewinnt sofort.} 27. Bh6 (27. Bf5 gxf5 $19) (27. Rfe1 Qh3 28.
Bf1 Ne2+ 29. Bxe2 Qh2+ 30. Kf1 Qh1#) 27... Qh3 28. Bxf4 Bxf4 29. Rfe1 Rd5 30.
Re8+ Kg7 31. Qc3+ Kh6 $19) 27. Rfe1 Qe6 28. Bf1 Qf6 29. Rxe5 Qxe5 30. Qe4 Qg5+
31. Kh2 Rc8 32. Rd7 Qh4+ 33. Kg1 Qg5+ 34. Kh2 a5 35. Qe7 Qf5 36. Rd8+ Rxd8 37.
Qxd8+ Kg7 38. Qd4+ f6 39. Qe4 Qh5+ 40. Kg1 Qg5+ 41. Kh2 Qe5 42. Kg1 h5 43. a3
Ne6 44. Bd3 Qg5+ 45. Kh2 Qe5+ 46. Kg1 Nf4 47. Bf1 Qxe4 48. fxe4 Kf7 49. Bc4+
Ke7 50. b4 axb4 51. axb4 Kd6 52. f3 Ke5 53. Kf2 Kd4 54. Ba6 g5 55. Bf1 h4 56.
Ba6 Ng6 57. Bf1 Ne5 58. Be2 Nf7 59. Bf1 Nd6 60. Ba6 Nc4 61. Bc8 Kc3 62. b5 Kd4
63. Be6 Nd6 64. Bd7 Kc5 65. f4 Nxe4+ 66. Kf3 1/2-1/2